Sports Quiz

Random Sports or Golf Quiz

Sports Speed-Picking Quiz Stats

 Plays Quiz Updated Oct 11, 2016

Support Sporcle.
Go Orange.
Score 0/50 Timer 02:00
6 Plays Today
% Correct
Basketball
93.7%
Football
93.5%
Volleyball
92.4%
Tennis
88.9%
Lakers
88.3%
Celtics
87%
Rugby
86.6%
Pistons
84.5%
Par
84.4%
Birdie
84.3%
Bogey
83.2%
Eagle
81.2%
Long Jump
79.7%
High Jump
79.2%
Javelin
78.6%
Thunder
78%
Pole Vault
77.9%
Manchester United
77.5%
Heat
76.2%
Chelsea
73.4%
Discus
72.8%
Arsenal
71.6%
Everton
65.3%
London
65%
Vancouver
64.6%
% Correct
Athens
63.9%
Beijing
63.4%
Fulham
63.2%
Lake Placid
55.6%
Albatross
53.1%
Hit Wicket
51.9%
Hooking
46.9%
Fighting
46.3%
Elbowing
45.4%
Double Hit
43.7%
Charging
42.3%
Caught
42.1%
Bowled
42%
Catcher
40.3%
Pitcher
40.1%
First Base
40.1%
Shortstop
39.2%
Center Field
38.7%
Timed Out
34.9%
Touchdown
32.2%
Field Goal
31%
Two-Point Conversion
30.1%
Extra Point
29.9%
Diving
29.7%
Safety
27.6%

From the Vault

Liam Neeson Needs A Job

by zalkon2004

Movies 3m
What I do have are a very particular set of skills, skills I have acquired over a very long career.
Remove Ads.
Support Sporcle.
Get the best of Sporcle when you Go Orange. This ad-free experience offers more features, more stats, and more fun while also helping to support Sporcle. Thank you for becoming a member.

Show Comments

Extras

Top Quizzes Today


Score Distribution

Your Account Isn't Verified!

In order to create a playlist on Sporcle, you need to verify the email address you used during registration. Go to your Sporcle Settings to finish the process.

Report this User

Report this user for behavior that violates our Community Guidelines.

Details: